فاعلية تصميم الإعلان من خلال الكمبيوتر جرافيك وأثره على المتلقى = (رقم التسجيلة. 30941)

تفاصيل مارك
000 -LEADER
fixed length control field 02372cam a2200337 a 4500
003 - CONTROL NUMBER IDENTIFIER
control field EG-GiCUC
005 - DATE AND TIME OF LATEST TRANSACTION
control field 20250223030245.0
008 - FIXED-LENGTH DATA ELEMENTS--GENERAL INFORMATION
fixed length control field 100727s2010 ua h f m 000 0 ara d
040 ## - CATALOGING SOURCE
Original cataloging agency EG-GiCUC
Language of cataloging ara
Transcribing agency EG-GiCUC
041 0# - LANGUAGE CODE
Language code of text/sound track or separate title ara
049 ## - LOCAL HOLDINGS (OCLC)
Holding library ايداع
097 ## - Thesis Degree
Thesis Level ماجستير
099 ## - LOCAL FREE-TEXT CALL NUMBER (OCLC)
Classification number Cai01.25.01.M.Sc.2010.مح.ف
100 0# - MAIN ENTRY--PERSONAL NAME
Personal name محمد نصر الدين يونس سلامة
245 10 - TITLE STATEMENT
Title فاعلية تصميم الإعلان من خلال الكمبيوتر جرافيك وأثره على المتلقى =
Remainder of title Efficiency of designing advertisement through the computer graphics and its effectiveness on advertisement receiver /
Statement of responsibility, etc. محمد نصر الدين يونس سلامة ؛ اشراف محمد حافظ الخولى : مديحة محمد على
246 15 - VARYING FORM OF TITLE
Title proper/short title Efficiency of designing advertisement through the computer graphics and its effectiveness on advertisement receiver
260 ## - PUBLICATION, DISTRIBUTION, ETC.
Place of publication, distribution, etc. القاهرة :
Name of publisher, distributor, etc. محمد نصر الدين يونس سلامة :
Date of publication, distribution, etc. 2010
300 ## - PHYSICAL DESCRIPTION
Extent 339ص :
Other physical details مثيليات ؛
Dimensions 25سم
502 ## - DISSERTATION NOTE
Dissertation note اطروحة (ماجستير) - جامعة القاهرة - كلية التربية النوعية - قسم التربية الفنية
520 ## - SUMMARY, ETC.
Summary, etc. مجال الإعلان من المجالات الهامة كوسيلة تواصل داخل المجتمع - ومنذ ظهور الإعلان حتى الآن شهد تطورا فى الشكل والمضمون لكونه وسيلة إتصال إعلامى هام وفعال داخل إطار المجتمع بين طرفى الإعلان (المعلن والملتقى) . ركز البحث على التفكير فى كيفية تفعيل العلاقة بين الإعلان والملتقى للرسالة الإعلانية من خلال وسيط حيوى وفعال فرض نفسه بأولوية كبيرة فى العصر الحالى وهو مجال الكمبيوتر جرافيك
530 ## - ADDITIONAL PHYSICAL FORM AVAILABLE NOTE
Additional physical form available note صدر ايضا كقرص مدمج
653 #4 - INDEX TERM--UNCONTROLLED
Uncontrolled term مجال الإعلان
653 #4 - INDEX TERM--UNCONTROLLED
Uncontrolled term مجال التصميم الجرافيكى للإعلان
653 #4 - INDEX TERM--UNCONTROLLED
Uncontrolled term مجال الكمبيوتر جرافيك
700 0# - ADDED ENTRY--PERSONAL NAME
Personal name محمد حافظ الخولى :
Relator term
700 0# - ADDED ENTRY--PERSONAL NAME
Personal name مديحة محمد على :
Relator term
856 ## - ELECTRONIC LOCATION AND ACCESS
Uniform Resource Identifier <a href="http://172.23.153.220/th.pdf">http://172.23.153.220/th.pdf</a>
905 ## - LOCAL DATA ELEMENT E, LDE (RLIN)
Cataloger Fatma
Reviser Cataloger
905 ## - LOCAL DATA ELEMENT E, LDE (RLIN)
Cataloger Nazla
Reviser Revisor
942 ## - ADDED ENTRY ELEMENTS (KOHA)
Source of classification or shelving scheme Dewey Decimal Classification
Koha item type Thesis
المقتنيات
Source of classification or shelving scheme Not for loan Home library Current library Date acquired Full call number Barcode Date last seen Koha item type Copy number
Dewey Decimal Classification   المكتبة المركزبة الجديدة - جامعة القاهرة قاعة الرسائل الجامعية - الدور الاول 11.02.2024 Cai01.25.01.M.Sc.2010.مح.ف 01010100015089000 22.09.2023 Thesis  
Dewey Decimal Classification   المكتبة المركزبة الجديدة - جامعة القاهرة مخـــزن الرســائل الجـــامعية - البدروم 11.02.2024 Cai01.25.01.M.Sc.2010.مح.ف 01020100015089000 22.09.2023 CD - Rom 15089.CD
Cairo University Libraries Portal Implemented & Customized by: Eng. M. Mohamady Contacts: new-lib@cl.cu.edu.eg | cnul@cl.cu.edu.eg
CUCL logo CNUL logo
© All rights reserved — Cairo University Libraries
CUCL logo
Implemented & Customized by: Eng. M. Mohamady Contact: new-lib@cl.cu.edu.eg © All rights reserved — New Central Library
CNUL logo
Implemented & Customized by: Eng. M. Mohamady Contact: cnul@cl.cu.edu.eg © All rights reserved — Cairo National University Library